[Event "Formia op"]
[Site "Formia"]
[Date "1995.??.??"]
[Round "?"]
[White "Arlandi, Ennio"]
[Black "Kadimova, Ilaha"]
[Result "1/2-1/2"]
[WhiteElo "2440"]
[BlackElo "2370"]

1.d4 d5 2.c4 c6 3.Nc3 Nf6 4.e3 e6 5.Nf3 Nbd7 6.Qc2 Bd6 7.b3 O-O 8.Be2 Re8
9.O-O Qe7 10.Rd1 b6 11.e4 dxe4 12.Nxe4 Nxe4 13.Qxe4 Bb7 14.Ne5 f5 15.Qe3 Rad8
16.Nxd7 Rxd7 17.c5 Bb8 18.Bb2 Qh4 19.h3 h6 20.a4 Rde7 21.Bc4 Kh8 22.Ba3 Rf7
23.Re1 Rf6 24.Bb2 Rg6 25.Qf3 Qe7 26.b4 a5 27.Bc3 axb4 28.Bxb4 Qf6 29.Rad1 Ba7
30.cxb6 Bxb6 31.Bc5 Bc7 32.Re2 e5 33.dxe5 Bxe5 34.Bd6 Rg5 35.Qd3 c5 36.Bd5 Qxd6
37.Bxb7 Qxd3 38.Rxd3 Bh2+ 39.Kxh2 Rxe2 40.f4 Rg6 41.a5 Ra2 42.a6 Rb6 43.Rd5 c4
44.Rxf5 c3 45.Rc5 c2 46.Rc8+ Kh7 47.Be4+ g6 48.f5 gxf5 49.Bxf5+ Kg7 50.Bxc2  1/2-1/2

[Event "Formia op"]
[Site "Formia"]
[Date "1995.??.??"]
[Round "?"]
[White "Drasko, Milan"]
[Black "Efimov, Igor"]
[Result "1-0"]
[WhiteElo "2510"]
[BlackElo "2460"]

1.d4 e6 2.c4 d5 3.Nc3 c6 4.e3 Nf6 5.Nf3 Nbd7 6.Qc2 Be7 7.Be2 b6 8.e4 dxe4
9.Nxe4 Bb7 10.O-O Qc7 11.Nxf6+ Nxf6 12.c5 O-O 13.Bg5 bxc5 14.dxc5 a5 15.b3 Rfd8
16.a3 Ba6 17.Bxa6 Rxa6 18.Rad1 Raa8 19.g3 h6 20.Bf4 Qb7 21.Bd6 Bxd6 22.Rxd6 Rxd6
23.cxd6 Rd8 24.Rd1 Nd5 25.Ne5 Rxd6 26.Nc4 Rd8 27.Nxa5 Qb6 28.Nxc6 Ra8 29.a4 g6
30.Ne5 Qb7 31.Qc6 Rb8 32.Qxb7 Rxb7 33.Rd3 Kg7 34.Nc4 Nf6 35.Nd6 Rb4 36.a5 Nd5
37.Nc4 Nc7 38.Rd7 Na6 39.Ne5 Nc5 40.Rxf7+ Kg8 41.Rc7 Ne4 42.a6 Rb8 43.a7  1-0

[Event "Formia op"]
[Site "Formia"]
[Date "1995.??.??"]
[Round "?"]
[White "Malaniuk, Vladimir P"]
[Black "Ortega, Lexy"]
[Result "1-0"]
[WhiteElo "2615"]
[BlackElo "2435"]

1.d4 d5 2.c4 c6 3.e3 Nf6 4.Nc3 e6 5.Nf3 Nbd7 6.a3 Bd6 7.b4 O-O 8.Bb2 Ne4
9.Nxe4 dxe4 10.Nd2 f5 11.Qb3 Nf6 12.f4 exf3 13.gxf3 a5 14.O-O-O axb4 15.axb4 b5
16.c5 Bb8 17.Bd3 Rf7 18.Bc2 Kf8 19.h3 Nd5 20.e4 Nf4 21.Nf1 fxe4 22.fxe4 e5
23.d5 cxd5 24.exd5 Ne2+ 25.Kb1 Nd4 26.Bxd4 exd4 27.d6 d3 28.Rxd3 Rf4 29.Qc3 Qh4
30.Rf3 Bb7 31.Rxf4+ Qxf4 32.Rg1 Ra1+ 33.Qxa1 Qxb4+ 34.Kc1  1-0

[Event "Frydek-Mistek op-B"]
[Site "Frydek-Mistek"]
[Date "1995.??.??"]
[Round "?"]
[White "Chmelik, Jiri"]
[Black "Orzechowski, Jacek"]
[Result "0-1"]
[WhiteElo "2155"]
[BlackElo "2220"]

1.d4 d5 2.c4 c6 3.Nf3 Nf6 4.Nc3 e6 5.e3 Nbd7 6.Qc2 Bd6 7.Be2 O-O 8.O-O e5
9.cxd5 cxd5 10.dxe5 Nxe5 11.h3 Qe7 12.Nb5 Nxf3+ 13.Bxf3 Bb8 14.Be2 Ne4 15.Nd4 Qd6
16.f4 Bxh3 17.Bf3 Be6 18.Bd2 a6 19.Rac1 Ba7 20.Qd3 Rac8 21.Rxc8 Rxc8 22.Rc1 Rxc1+
23.Bxc1 Qc7 24.Bd2 Nxd2 25.Qxd2 Qd7 26.Qc3 h6 27.Kf2 Qe7 28.Kg1 Qf6 29.Kf2 Bxd4
30.Qxd4 Qxd4 31.exd4 Kf8 32.g4 g6 33.Kg3 Ke7 34.Kh4 Kd6 35.Be2 Bd7 36.Bd3 Bb5
37.Bc2 Ke6 38.a3 Be2 39.Kg3 Bc4 40.Kh4 Be2 41.Kg3 a5 42.Bb1 Bd1 43.Bd3 Kf6
44.Kh4 Bf3 45.Bc2 Be4 46.Ba4 Ke7 47.Bb5 Kf8 48.Be2 Kg7 49.Bb5 f6 50.Be2 g5+
51.fxg5 hxg5+ 52.Kg3 Kf7 53.Bb5 Ke6 54.Ba4 Bd3 55.Kf3 Bb1 56.Be8 Bc2 57.Bb5 Kd6
58.Ke2 Kc7 59.Kf3 Kb6 60.Bd7 Bd3 61.Be8 Bb5 62.Bg6 Bd7 63.Bd3 Ba4 64.Bg6 Bd1+
65.Kg3 Kb5  0-1

[Event "Frydek-Mistek op"]
[Site "Frydek-Mistek"]
[Date "1995.??.??"]
[Round "?"]
[White "Szypulski, Andrzej"]
[Black "Koutsin, Sergey"]
[Result "1/2-1/2"]
[WhiteElo "2395"]
[BlackElo "2435"]

1.d4 d5 2.c4 c6 3.Nc3 Nf6 4.e3 e6 5.Nf3 Nbd7 6.Qc2 a6 7.b3 c5 8.cxd5 exd5
9.Be2 Bd6 10.Bb2 O-O 11.Rc1 b6 12.O-O Bb7 13.Rfd1 Re8 14.h3 Rc8  1/2-1/2

[Event "Gausdal Masters"]
[Site "Gausdal"]
[Date "1995.??.??"]
[Round "?"]
[White "Ostenstad, Berge"]
[Black "Gausel, Einar"]
[Result "0-1"]
[WhiteElo "2485"]
[BlackElo "2490"]

1.d4 Nf6 2.c4 e6 3.Nf3 d5 4.Nc3 c6 5.e3 Nbd7 6.Bd3 dxc4 7.Bxc4 b5 8.Bd3 a6
9.e4 c5 10.d5 c4 11.dxe6 fxe6 12.Bc2 Qc7 13.O-O Bd6 14.Bg5 O-O 15.Bxf6 Nxf6
16.Re1 Be5 17.Qd2 Ng4 18.h3 Bh2+ 19.Kh1 Bf4 20.Qe2 Ne5 21.Nd4 b4 22.Na4 Bd7
23.g3 Bh6 24.f4 Nd3 25.Bxd3 cxd3 26.Qxd3 Bxa4 27.Nxe6 Qc8 28.Nxf8 Qxh3+ 29.Kg1 Rxf8
30.Re3 Bb5 31.Qb3+ Kh8 32.Rd1 Qg4 33.Kh2 g6 34.Rc1 Rd8 35.Qxb4 Bg7 36.e5 h5
37.Rc7 Qd1 38.Re1 Rd2+  0-1

[Event "Gausdal Int"]
[Site "Gausdal"]
[Date "1995.??.??"]
[Round "5"]
[White "Jansa, Vlastimil"]
[Black "Edvardsson, Kristjan"]
[Result "1-0"]
[WhiteElo "2525"]
[BlackElo "2115"]

1.d4 d5 2.c4 c6 3.e3 Nf6 4.Nc3 e6 5.Nf3 Nbd7 6.Bd3 Bd6 7.O-O O-O 8.e4 dxe4
9.Nxe4 Nxe4 10.Bxe4 Nf6 11.Bc2 c5 12.Bg5 cxd4 13.Qd3 g6 14.Qxd4 Be7 15.Qh4 Re8
16.Rad1 Nd7 17.Ba4 f6 18.Qe4 e5 19.Bh6 Kh8 20.Bxd7 Bxd7 21.Qxb7  1-0

[Event "Arnold Cup"]
[Site "Gausdal"]
[Date "1995.??.??"]
[Round "9"]
[White "Engqvist, Thomas"]
[Black "Klovans, Janis"]
[Result "1/2-1/2"]
[WhiteElo "2415"]
[BlackElo "2505"]

1.d4 Nf6 2.Nf3 e6 3.c4 d5 4.Nc3 c6 5.e3 Nbd7 6.Qc2 Bd6 7.Be2 O-O 8.O-O dxc4
9.Bxc4 e5 10.Bb3 Qa5 11.Bd2 exd4 12.Ne4 Bb4 13.Bxb4 Qxb4 14.Nxf6+ Nxf6 15.Nxd4 Bd7
16.Rfd1 Rad8 17.Rac1  1/2-1/2

[Event "Geneve op"]
[Site "Geneve"]
[Date "1995.??.??"]
[Round "2"]
[White "Anka, Emil"]
[Black "Hector, Jonny"]
[Result "0-1"]
[WhiteElo "2410"]
[BlackElo "2540"]

1.d4 d5 2.c4 c6 3.Nf3 Nf6 4.Nc3 e6 5.e3 Nbd7 6.Qc2 Bd6 7.Bd2 O-O 8.O-O-O Qe7
9.Kb1 a6 10.e4 Nxe4 11.Nxe4 dxe4 12.Qxe4 c5 13.Bc3 f5 14.Qc2 cxd4 15.Nxd4 Nc5
16.g3 e5 17.Nb3 Ne4 18.Bg2 Be6 19.Bxe4 fxe4 20.Ka1 Rac8 21.c5 Bxc5 22.Nxc5 Rxc5
23.Qxe4 Qc7 24.Qe3 Rb5 25.Rd2 Rc8 26.Rhd1 Ra5 27.a3 Rc5 28.Rd6 Bb3 29.R1d3 h6
30.Rd7 Qc6 31.f3 Bf7 32.Qe4 Qb6 33.Qxb7 Qe6 34.Kb1 R5c6 35.Rd8+ Kh7 36.Rxc8 Rxc8
37.Qd7 Qc4 38.Rd2 Qa2+ 39.Kc1 Qa1+ 40.Kc2 Bg6+ 41.Rd3 Qf1 42.Kd2 Rc7 43.Qd6 Rf7
44.Bxe5 Qxd3+ 45.Qxd3 Bxd3 46.Kxd3 Rxf3+ 47.Kc4 g5 48.a4 Kg6 49.b4 Kf5 50.Bg7 h5
51.b5 axb5+ 52.axb5 Ke6 53.Kc5 Kd7 54.Be5 g4 55.b6 Rf5 56.Kd5 Kc8 57.Ke4 Rf2
58.Bf4 Kb7 59.Be3 Rxh2 60.Kf4 Rg2 61.Bd4 Rd2 62.Be3 Rd3 63.Ke4 Rb3 64.Bf4 Rxb6
65.Kf5 Rb1 66.Kg5 Rh1 67.Bd6 Kc6 68.Bb8 Kd5 69.Kf5 Rf1+ 70.Kg5 Ke4  0-1

[Event "Geneve op"]
[Site "Geneve"]
[Date "1995.??.??"]
[Round "4"]
[White "Collas, Didier"]
[Black "Hector, Jonny"]
[Result "1/2-1/2"]
[WhiteElo "2335"]
[BlackElo "2540"]

1.d4 d5 2.c4 c6 3.Nc3 Nf6 4.e3 e6 5.Nf3 Nbd7 6.Bd3 dxc4 7.Bxc4 b5 8.Bd3 a6
9.e4 c5 10.d5 c4 11.Bc2 Qc7 12.dxe6 fxe6 13.O-O Bc5 14.Qe2 Ne5 15.Nxe5 Qxe5
16.Be3 Bxe3 17.Qxe3 Ng4 18.Qh3 h5 19.Bd1 g5 20.Bxg4 hxg4 21.Qg3 Qxg3 22.fxg3 Ra7
23.e5 Rah7 24.Ne4 Rxh2 25.Nd6+ Kd7 26.Rf7+ Kc6 27.Kf2 Bd7 28.a4 R8h7 29.axb5+ axb5
30.Rf8 Kc5 31.Ne4+ Kd4 32.Nxg5 Rxg2+ 33.Kxg2 Bc6+ 34.Kf2 Rh2+ 35.Ke1 Rxb2
36.Rf4+ Kd3 37.Rd1+ Ke3 38.Rc1 Re2+ 39.Kd1 Rd2+ 40.Ke1 Re2+ 41.Kd1  1/2-1/2

[Event "Geneve op"]
[Site "Geneve"]
[Date "1995.??.??"]
[Round "7"]
[White "Fioramonti, Hung"]
[Black "Kurz, Eugen"]
[Result "0-1"]
[WhiteElo "2390"]
[BlackElo "2330"]

1.Nf3 d5 2.c4 c6 3.e3 Nf6 4.Nc3 e6 5.d4 Nbd7 6.Bd3 Bd6 7.O-O h6 8.Qe2 Qe7
9.e4 dxc4 10.Bxc4 e5 11.Be3 O-O 12.Rae1 Ng4 13.Bf4 exf4 14.e5 Nb6 15.Bd3 Bb4
16.h3 h5 17.hxg4 hxg4 18.Nh2 Qh4 19.Qe4 Nd5 20.Rc1 Bxc3 21.bxc3 g6 22.Rfd1 Kg7
23.Nf1 Bf5 24.g3 Qh3 25.Qg2 Qxg2+ 26.Kxg2 f3+ 27.Kg1 Rh8 28.Ne3 Rh5 29.Ng2 Rah8
30.Nh4 Bxd3 31.Rxd3 g5 32.c4 Nf4 33.Rb3 Ne2+  0-1

[Event "GER-ch U20 qual1"]
[Site "?"]
[Date "1995.??.??"]
[Round "2"]
[White "Kitte, Sebastian"]
[Black "David, Rene"]
[Result "0-1"]
[WhiteElo "2220"]
[BlackElo "2160"]

1.d4 d5 2.c4 c6 3.e3 Nf6 4.Nc3 e6 5.Nf3 Nbd7 6.Qc2 Bd6 7.Bd2 dxc4 8.Bxc4 O-O
9.e4 b5 10.Bd3 e5 11.O-O-O exd4 12.Nxd4 Ne5 13.Bg5 Be7 14.Be2 Qb6 15.Be3 Nfg4
16.Nf5 Bc5 17.Ne7+ Kh8 18.Bxc5 Qxc5 19.Nxc8 Nxf2 20.Nd6 Nxh1 21.Nf5 Nf2 22.Rf1 b4
23.Ba6 bxc3 24.Rxf2 cxb2+ 25.Kxb2 Qb6+  0-1

[Event "BL2-N9495"]
[Site "Germany"]
[Date "1995.??.??"]
[Round "?"]
[White "Naumann, Frank"]
[Black "Blauert, Joerg"]
[Result "0-1"]
[WhiteElo "2250"]
[BlackElo "2415"]

1.d4 e6 2.Nf3 Nf6 3.c4 d5 4.Nc3 c6 5.e3 Nbd7 6.Bd3 dxc4 7.Bxc4 b5 8.Bd3 a6
9.a4 b4 10.Ne4 c5 11.O-O Bb7 12.Nxf6+ Qxf6 13.Nd2 cxd4 14.Ne4 Qe5 15.exd4 Qxd4
16.Be3 Qd5 17.Qe2 Ne5 18.Bc2 Qc4 19.Qxc4 Nxc4 20.Bf4 Be7 21.Rfd1 Nxb2 22.Rd4 Rc8
23.Bb3 Bxe4 24.Rxe4 O-O 25.a5 Rc3 26.Bd1 Nxd1 27.Rxd1 Rfc8 28.Kf1 Ra3 29.Rd7 Kf8
30.Bd6 Bxd6 31.Rxd6 b3 32.Rb4 Ra2  0-1

[Event "BL2-N9495"]
[Site "Germany"]
[Date "1995.??.??"]
[Round "?"]
[White "Panzer, Peter"]
[Black "Hansen, Lars Bo"]
[Result "0-1"]
[WhiteElo "2420"]
[BlackElo "2580"]

1.d4 d5 2.c4 c6 3.Nf3 Nf6 4.Nc3 e6 5.e3 Nbd7 6.Bd3 dxc4 7.Bxc4 b5 8.Bd3 b4
9.Ne4 Be7 10.O-O O-O 11.Qc2 Bb7 12.Nxf6+ Nxf6 13.e4 h6 14.Rd1 Rc8 15.Be3 c5
16.dxc5 Ng4 17.Bd4 e5 18.h3 exd4 19.hxg4 Rxc5 20.Qd2 a5 21.Rac1 Rxc1 22.Rxc1 Bc8
23.Rc4 Be6 24.Rxd4 Qb6 25.Bb1 Bc5 26.Rd3 Rc8 27.Ne1 Be7 28.Nc2 Bg5 29.Ne3 Bxg4
30.Bc2 Qc6 31.Bb3 Qc1+ 32.Qxc1 Rxc1+ 33.Nd1 Be6 34.Kf1 a4 35.Bd5 Ra1 36.a3 bxa3
37.bxa3 Be7 38.Ke2 Bxa3 39.Nc3 Bb4 40.Nb5 a3 41.Rb3 Re1+  0-1

[Event "BL2-N9495"]
[Site "Germany"]
[Date "1995.??.??"]
[Round "?"]
[White "Pritchett, Craig William"]
[Black "Borik, Otto"]
[Result "0-1"]
[WhiteElo "2345"]
[BlackElo "2415"]

1.c4 Nf6 2.Nf3 c6 3.d4 d5 4.e3 e6 5.Nc3 Nbd7 6.Be2 Bd6 7.O-O O-O 8.b3 Re8
9.Bb2 a6 10.a4 Qe7 11.a5 dxc4 12.bxc4 e5 13.c5 Bc7 14.Bc4 h6 15.h3 e4 16.Nd2 Nf8
17.d5 Qxc5 18.Ba3 Qxa5 19.Qb3 Qb6 20.Qc2 Be5 21.Rab1 Qc7 22.dxc6 Qxc6 23.Rfc1 Bf5
24.Qb3 Qd7 25.Rd1 b5 26.Bd5 Bxc3 27.Bxa8 Bxd2 28.Bd5 Qxd5 29.Qxd5 Nxd5 30.Rxd2 Be6
31.Rbd1 b4 32.Bb2 Nc3 33.Rc1 Rc8 34.Kh2 Ng6 35.Bxc3 bxc3 36.Rdc2 Ne5 37.Rxc3 Ra8
38.Kg3 a5 39.Ra1 Nc4 40.f3 a4 41.Kf4 exf3 42.gxf3 a3 43.h4 a2 44.Rc2 Na3
45.Rc3 Bb3 46.Rxb3 Nc2 47.Rxa2 Rxa2 48.Rb8+ Kh7 49.Rb7 f6 50.e4 Ra3 51.Rb2 Ne1  0-1

[Event "BL2-S9495"]
[Site "Germany"]
[Date "1995.??.??"]
[Round "?"]
[White "Goehring, Karl Heinz"]
[Black "Schwalfenberg, Joerg"]
[Result "1/2-1/2"]
[WhiteElo "2310"]
[BlackElo "2210"]

1.d4 Nf6 2.c4 c6 3.Nc3 d5 4.e3 e6 5.Nf3 Nbd7 6.Qc2 Bd6 7.a3 O-O 8.Be2 Qe7
9.O-O dxc4 10.Bxc4 e5 11.h3 Bc7 12.Rd1 e4 13.Nd2 Nb6 14.Ba2 Bf5 15.Bb1 Qd6
16.Nf1 Bg6 17.Bd2 Rfe8 18.Rc1 Rac8 19.Ne2 Nbd5 20.Qc5 Qxc5 21.Rxc5 Bd6 22.Rc1 h5
23.Ba2 h4 24.Nc3 Bf5 25.Be1 Nxc3 26.Rxc3 Nd5 27.Rc2 Be6 28.Nd2 f5 29.Nc4 Bc7
30.Na5 Bxa5 31.Bxa5 Nf6 32.Bxe6+ Rxe6 33.Bd2 Nd5 34.Rac1 Kf7 35.Rc5 Rd8 36.a4 a6
37.b4  1/2-1/2

[Event "Bundesliga 9495"]
[Site "Germany"]
[Date "1995.??.??"]
[Round "?"]
[White "Bezold, Michael"]
[Black "Wegner, Hannu"]
[Result "1/2-1/2"]
[WhiteElo "2475"]
[BlackElo "2350"]

1.d4 d5 2.Nf3 Nf6 3.c4 c6 4.e3 e6 5.Nc3 Nbd7 6.Qc2 Bd6 7.Bd2 O-O 8.h3 b6
9.g4 Bb7 10.g5 Nh5 11.cxd5 exd5 12.O-O-O Re8 13.Kb1 c5 14.h4 g6 15.Bh3 f5
16.gxf6 Ndxf6 17.Rhg1 Qe7 18.Ng5 Ng7 19.h5 Ngxh5 20.Be6+ Kh8 21.e4 dxe4 22.Nf7+ Kg8
23.d5 Qxf7 24.Bxf7+ Kxf7 25.Bg5 Ba6 26.a3 Bd3 27.Rxd3 exd3 28.Qxd3 Rad8 29.Rd1 Rd7
30.Qc4 Be5 31.Ne4 Nxe4 32.Qxe4 Nf6 33.Qh4 Nh5 34.Qg4 Rd6 35.Re1 Nf6 36.Bxf6 Rxf6
37.f3 h5 38.Qd7+ Re7 39.Qd8 Re8 40.Qd7+ Re7 41.Qa4 Rxf3 42.Qc4 Kg7 43.Qh4 Rf6
44.a4 Bd6 45.Rxe7+ Bxe7 46.Ka2 Bd6 47.Kb3 Bf4 48.Kc4 a6 49.Qh3 a5 50.Qh4 Be5
51.Kb5 Kh6 52.d6 Rxd6 53.Qe7 Bf4 54.Qf8+ Kg5 55.Qe7+ Rf6 56.Qd7 h4 57.Qh3 Bg3
58.Kc4 Kh5 59.Kd3 g5 60.Qc8 Rf3+ 61.Ke4 Rf4+ 62.Ke3 Bf2+ 63.Ke2 c4 64.Kf1 Bc5+
65.Kg2 Rf8 66.Qd7 Rf2+ 67.Kh3 Rf3+ 68.Kg2 Rg3+ 69.Kh2 Re3 70.Qf7+ Kg4 71.Qxc4+ Kf3
72.b4 Bxb4 73.Qd5+ Ke2 74.Qxg5 h3 75.Kh1 Rd3 76.Qe5+ Kd1 77.Qb5 Kc2 78.Qc6+ Rc3
79.Qe6 Kb2 80.Qe8 Kb3 81.Qd7 Ka3 82.Qd1 Kb2 83.Qd7 Bc5  1/2-1/2

[Event "Bundesliga 9495"]
[Site "Germany"]
[Date "1995.??.??"]
[Round "?"]
[White "Boensch, Uwe"]
[Black "Mueller, Karsten"]
[Result "0-1"]
[WhiteElo "2540"]
[BlackElo "2470"]

1.d4 d5 2.c4 c6 3.e3 Nf6 4.Nc3 e6 5.Nf3 Nbd7 6.Qc2 Bd6 7.Bd2 O-O 8.h3 a6
9.O-O-O b5 10.c5 Bc7 11.g4 b4 12.Na4 a5 13.Ng5 h6 14.Nf3 Ne4 15.Be1 f5 16.Nd2 Nxd2
17.Rxd2 e5 18.Nb6 Bxb6 19.cxb6 Qxb6 20.Kb1 e4 21.gxf5 a4 22.Rg1 b3 23.Qc3 Rxf5
24.Rd1 Ba6 25.Bxa6 Rxa6 26.Rc1 Qb5 27.a3 Rf6 28.Qd2 Ra7 29.Qd1 Rf3 30.Bb4 Nf6
31.Rg2 Qd3+ 32.Ka1 Qxd1 33.Rxd1 Rxh3 34.Bd6 Rf3 35.Rc1 Rf7 36.Rxc6 Nh5 37.Kb1 Rxf2
38.Rxf2 Rxf2 39.Kc1 Re2 40.Rc5 Nf6 41.Ra5 Ng4 42.Rxa4 Nxe3 43.Ra8+ Kh7 44.Bb4 Rc2+
45.Kb1 Nc4  0-1

[Event "Bundesliga 9495"]
[Site "Germany"]
[Date "1995.??.??"]
[Round "?"]
[White "Gabriel, Christian"]
[Black "Mueller, Mat"]
[Result "1-0"]
[WhiteElo "2545"]
[BlackElo "2375"]

1.d4 d5 2.c4 e6 3.Nc3 c6 4.e3 Nf6 5.Nf3 Nbd7 6.Qc2 Bd6 7.g4 dxc4 8.Bxc4 b5
9.Be2 Bb7 10.g5 Nd5 11.Ne4 Be7 12.Bd2 Rc8 13.Nc5 Nxc5 14.dxc5 Bxg5 15.Nxg5 Qxg5
16.O-O-O e5 17.Rhg1 Qf6 18.f4 exf4 19.Rdf1 a5 20.e4 Nb4 21.Qb3 Qd4 22.Bxf4 O-O
23.Bd6 a4 24.Rxg7+ Qxg7 25.Qxb4 Rce8 26.Rf3 Kh8 27.Rg3 Qh6+ 28.Kc2 Rg8 29.Qd4+ f6
30.Rf3 Rg2 31.Kd1 Qg7 32.Rxf6 Bc8 33.Bf8  1-0

[Event "Bundesliga 9495"]
[Site "Germany"]
[Date "1995.??.??"]
[Round "?"]
[White "Gruenberg, Hans Ulrich"]
[Black "Mueller, Mat"]
[Result "1/2-1/2"]
[WhiteElo "2460"]
[BlackElo "2375"]

1.d4 d5 2.c4 e6 3.Nc3 c6 4.e3 Nf6 5.Nf3 Nbd7 6.Bd3 dxc4 7.Bxc4 b5 8.Bd3 Bb7
9.e4 b4 10.Na4 c5 11.e5 Nd5 12.Nxc5 Nxc5 13.dxc5 Bxc5 14.O-O h6 15.Qe2 Qb6
16.Bd2 Kf8 17.Rac1 g6 18.h4 Kg7 19.h5 g5 20.Nh2 Rac8 21.Ng4 Bd4 22.Rxc8 Rxc8
23.Kh1 Ne7 24.f4 Nf5 25.Kh2 gxf4 26.Rxf4 Bg1+ 27.Kh3 Kh8 28.Nf6 Rd8 29.Bxf5 exf5
30.Rxb4 Qc6 31.Rxb7 Qxb7 32.Bxh6 Qb4 33.Qf3 Qc4 34.Qxf5 Qd3+ 35.Qxd3 Rxd3+
36.Kg4 Bd4 37.Bf4 Bxb2 38.Kf5 Ra3 39.g4 Rxa2 40.g5 Ra5 41.g6 fxg6+ 42.hxg6 Kg7
43.Ng4 Kf8 44.Bh6+ Ke7 45.Bg5+ Kf8 46.Be3 Ke7  1/2-1/2

[Event "Bundesliga 9495"]
[Site "Germany"]
[Date "1995.??.??"]
[Round "?"]
[White "Hermesmann, Hans"]
[Black "Wegner, Hannu"]
[Result "0-1"]
[WhiteElo "2310"]
[BlackElo "2350"]

1.d4 d5 2.c4 c6 3.Nc3 Nf6 4.e3 e6 5.Nf3 Nbd7 6.Bd3 dxc4 7.Bxc4 b5 8.Bd3 a6
9.O-O c5 10.a4 b4 11.Ne4 Bb7 12.Ned2 Be7 13.a5 O-O 14.Qe2 Qc7 15.h3 cxd4
16.exd4 Nd5 17.Bb1 Nf4 18.Qe3 Nf6 19.Rd1 Rac8 20.Nb3 N6d5 21.Qe1 Qc4 22.Ba2 Qc2
23.Kh2 Bd6 24.g3 Nd3 25.Rxd3 Qxd3 26.Nbd2 Nf6 27.Bb1 Qb5 28.Qd1 Rc7 29.b3 Rfc8
30.Bb2 Bf8 31.Ne5 Qd5 32.f3 Qd8 33.Ndc4 Nd5 34.Qd3 g6 35.Qd2 Bg7 36.Nd3 Nc3
37.Nxb4 Qxd4 38.Qxd4 Bxd4 39.Nd6 Rd8 40.Nxb7 Rxb7 41.Nc6 Rxb3  0-1

[Event "Bundesliga 9495"]
[Site "Germany"]
[Date "1995.??.??"]
[Round "?"]
[White "Raupp, Thomas"]
[Black "Sehner, Norbert"]
[Result "0-1"]
[WhiteElo "2360"]
[BlackElo "2410"]

1.d4 d5 2.c4 e6 3.Nc3 c6 4.e3 Nf6 5.Nf3 Nbd7 6.Qc2 Bd6 7.Be2 O-O 8.b3 b6
9.O-O dxc4 10.bxc4 c5 11.Rd1 Bb7 12.Bb2 cxd4 13.exd4 Rc8 14.Nb5 Bb8 15.Ba3 Re8
16.Nd6 Bxd6 17.Bxd6 Nf8 18.Be5 Ng6 19.Qa4 Ne4 20.Qa3 Qe7 21.Qe3 Nd6 22.Bxd6 Qxd6
23.Rac1 Red8 24.Bd3 Qb4 25.Bxg6 hxg6 26.Ne5 Qe7 27.h3 Qf6 28.f4 Qf5 29.Re1 Rc7
30.Re2 Rdc8 31.c5 bxc5 32.dxc5 Bd5 33.Kh2 Rb8 34.Qd4 g5 35.fxg5 Qxg5 36.Rf1 a5
37.Nd3 Qe7 38.Nf4 Qxc5 39.Qe5 Bc4  0-1

[Event "Bundesliga 9495"]
[Site "Germany"]
[Date "1995.??.??"]
[Round "?"]
[White "Zeller, Frank"]
[Black "Beckhuis, Gernod"]
[Result "1-0"]
[WhiteElo "2350"]
[BlackElo "2265"]

1.d4 d5 2.c4 c6 3.Nf3 Nf6 4.Nc3 e6 5.e3 Nbd7 6.Qc2 Bd6 7.Be2 O-O 8.O-O Re8
9.b3 Qe7 10.Bb2 dxc4 11.bxc4 e5 12.Rfe1 e4 13.Nd2 Nf8 14.f3 exf3 15.Bxf3 Ng4
16.Nf1 Qg5 17.e4 Ng6 18.e5 Bb4 19.Ne4 Qd8 20.Bc3 Bf8 21.Rad1 c5 22.dxc5 Qc7
23.Nd6 Re7 24.Rd5 Be6 25.Bxg4 Bxg4 26.Bd4 Be6 27.Ne3 Rd7 28.Nb5 Qc6 29.Rxd7 Qxd7
30.Nd6 Qc6 31.Rb1 Rb8 32.Qe4 Qxe4 33.Nxe4 Nf4 34.Kf1 Rd8 35.Nd6 Bc8 36.Nd5 Ne6
37.Be3 h6 38.Nxb7 Bxb7 39.Rxb7 Rc8 40.Rxa7 Bxc5 41.Bxc5 Rxc5 42.Ra4 Kh7 43.Kf2 Kg6
44.g4 h5 45.Kg3 Kh6 46.Rb4 g5 47.a4 Kg6 48.h3 h4+ 49.Kf2 Nd4 50.Rb6+ Kg7
51.Ne3 Rxe5 52.Rd6 Ne6 53.Rd5 Re4 54.a5 Kg6 55.a6 Nf4 56.Rd6+ f6 57.a7 Re8
58.Ra6 Nxh3+ 59.Kf3 Ra8 60.Nd5 Nf4 61.Nc7 Rxa7  1-0

[Event "Hessenliga"]
[Site "Germany"]
[Date "1995.??.??"]
[Round "?"]
[White "Gustavsson, Cyrill"]
[Black "Kersting, Martin"]
[Result "1/2-1/2"]
[WhiteElo "2170"]
[BlackElo "2280"]

1.d4 c6 2.c4 d5 3.Nf3 Nf6 4.Nc3 e6 5.e3 Nbd7 6.Bd3 Bb4 7.O-O O-O 8.Qc2 dxc4
9.Bxc4 Bd6 10.e4 e5 11.h3 h6 12.Be3 Qe7 13.Nh4 Nb6 14.Ng6 Qc7 15.Bb3 Re8
16.dxe5 Bxe5 17.Nxe5 Qxe5 18.f4 Qe7 19.e5 Nfd5 20.Nxd5 Nxd5 21.Bxd5 cxd5
22.Rad1 g6 23.Rxd5 Bf5 24.Qa4 h5 25.e6 Qxe6 26.Re5 Qd7 27.Rxe8+ Qxe8  1/2-1/2

[Event "BL2-W9495"]
[Site "Germany"]
[Date "1995.??.??"]
[Round "?"]
[White "Levin, Felix"]
[Black "Rosenberger, Frank"]
[Result "1-0"]
[WhiteElo "2480"]
[BlackElo "2295"]

1.c4 e6 2.d4 d5 3.Nc3 c6 4.Nf3 Nf6 5.e3 Nbd7 6.Bd3 dxc4 7.Bxc4 b5 8.Bd3 Bb7
9.a3 b4 10.Ne4 c5 11.Nxf6+ gxf6 12.O-O Qb6 13.axb4 cxd4 14.exd4 Bxb4 15.Qe2 Bd5
16.Be4 Qb7 17.Bxd5 Qxd5 18.Bd2 Bxd2 19.Qxd2 Rg8 20.Qc3 a5 21.Ra3 Nb6 22.Rfa1 Nc4
23.Ra4 Nd2 24.Qxd2 Qxf3 25.g3 Rg5 26.b4 Rd8 27.bxa5 h5 28.h4 Rb5 29.a6 Ra8
30.Rb4 Qc6 31.Rxb5 Qxb5 32.Qc3 Kd7 33.a7 Qb6 34.Qc5 Qxc5 35.dxc5 f5 36.f3 Kc6
37.Ra5 e5 38.Kf2 e4 39.Ke3 Kd5 40.fxe4+ fxe4 41.c6+ Kxc6 42.Kxe4  1-0

[Event "Landesliga S9596 Bayern"]
[Site "Germany"]
[Date "1995.??.??"]
[Round "?"]
[White "Geberl, Hans Walter"]
[Black "Nitsche, Dirk"]
[Result "0-1"]
[WhiteElo "2170"]
[BlackElo "2125"]

1.c4 c6 2.Nf3 d5 3.d4 Nf6 4.Nc3 e6 5.e3 Nbd7 6.Be2 Bd6 7.Qc2 O-O 8.O-O dxc4
9.Bxc4 e5 10.h3 a6 11.Rd1 Qc7 12.a4 h6 13.b3 Rb8 14.Bb2 exd4 15.Nxd4 Ne5
16.Be2 Re8 17.Rac1 Bf8 18.Kh1 c5 19.Ne4 Nxe4 20.Qxe4 Ng4  0-1

[Event "Landesliga N9596 Bayern"]
[Site "Germany"]
[Date "1995.??.??"]
[Round "?"]
[White "Delitzsch, Juergen"]
[Black "Kreuzer, Martin"]
[Result "1/2-1/2"]
[WhiteElo "2230"]
[BlackElo "2330"]

1.d4 d5 2.c4 c6 3.Nf3 Nf6 4.Nc3 e6 5.e3 Nbd7 6.Bd3 dxc4 7.Bxc4 b5 8.Bd3 a6
9.e4 c5 10.d5 c4 11.Bc2 e5 12.O-O Bd6 13.a4 b4 14.Ne2 a5 15.Ng3 O-O 16.Nf5 Nc5
17.Nxd6 Qxd6 18.Re1 Bd7 19.Nd2 b3 20.Bb1 Qa6 21.Qe2 c3 22.bxc3 Qxe2 23.Rxe2 Nxa4
24.Nxb3 Nxc3 25.Re3 Nxb1  1/2-1/2

[Event "NRW-Liga I 9495"]
[Site "Germany"]
[Date "1995.??.??"]
[Round "?"]
[White "Henrichs, Thomas"]
[Black "Kaeser, Udo"]
[Result "1/2-1/2"]
[WhiteElo "2300"]
[BlackElo "2285"]

1.d4 d5 2.c4 e6 3.Nc3 c6 4.Nf3 Nf6 5.e3 Nbd7 6.Qc2 Bd6 7.Be2 dxc4 8.Bxc4 b5
9.Bd3 a6 10.Ne4 Nxe4 11.Qxc6 Bb4+ 12.Ke2 Bb7 13.Qxb7 Nd6 14.Qc6 Rc8 15.Qxa6 Ra8
16.Qc6 Rc8 17.Qa6 Ra8  1/2-1/2

[Event "NRW-Liga II 9495"]
[Site "Germany"]
[Date "1995.??.??"]
[Round "?"]
[White "Schoen, Wolfram"]
[Black "Kreutzkamp, Reinhold"]
[Result "1/2-1/2"]
[WhiteElo "2390"]
[BlackElo "2190"]

1.d4 d5 2.c4 c6 3.Nf3 Nf6 4.Nc3 e6 5.e3 Nbd7 6.Bd3 dxc4 7.Bxc4 b5 8.Bd3 a6
9.e4 c5 10.e5 cxd4 11.Nxb5 axb5 12.exf6 Qb6 13.O-O Nxf6 14.Nxd4 Bd7 15.Nf3 Bd6
16.Be3 Qb8 17.Bd4 O-O 18.Re1 Rd8 19.Qc2 h6 20.Rad1 Be7 21.b3 Be8 22.Qe2 Qb7
23.Ba1 Qa7 24.Bb1 Rxd1 25.Rxd1 Rd8 26.Rxd8 Bxd8 27.Qc2 Qb7 28.Ne5 Kf8 29.Bd4 Bb6
30.Bc3 Qc7 31.Ng4 Nd5 32.Be5 Qxc2 33.Bxc2 f6 34.Bd6+ Kf7 35.h4 h5 36.Nh2 Bd7
37.Nf3 Nc3 38.a3 Bc6 39.Nd2 Ne2+ 40.Kf1 Nd4 41.Bd1 Nf5 42.Bb4 Nxh4 43.g3 Nf5
44.Bxh5+ g6 45.Bf3 Bxf3 46.Nxf3 e5 47.g4 Nd4 48.Nxd4 Bxd4 49.f3  1/2-1/2

[Event "NRW-Liga I 9495"]
[Site "Germany"]
[Date "1995.??.??"]
[Round "?"]
[White "Beilfuss, Wilfried"]
[Black "Kniest, Oliver"]
[Result "1/2-1/2"]
[WhiteElo "2275"]
[BlackElo "2165"]

1.c4 e6 2.Nc3 d5 3.d4 c6 4.e3 Nf6 5.Nf3 Nbd7 6.Qc2 Bd6 7.b3 O-O 8.Be2 e5
9.cxd5 cxd5 10.dxe5 Nxe5 11.O-O Nxf3+ 12.Bxf3 Qc7 13.h3 Bh2+ 14.Kh1 Be5 15.Bb2 Be6
16.Qe2 Qd7 17.Na4 Bc7 18.Bxf6 gxf6 19.Bg4 f5 20.Bh5 f4 21.exf4 Bxh3 22.Nc5 Qd6
23.gxh3 Qxc5 24.Rg1+ Kh8 25.Qg4 Rg8 26.Qf5 Qd4 27.Bxf7 Rgf8 28.Rae1 Qxf4
29.Qxf4 Bxf4 30.Bxd5 Rad8 31.Rd1 Rd7 32.Be4 Rfd8 33.Rxd7 Rxd7 34.Re1 Kg7
35.Kg2 Kf6 36.a4 b6 37.Bc6 Rd3 38.Be4 Rd7 39.Re2 Rc7 40.Bd5 Re7 41.Rc2 Rc7
42.Re2 Re7 43.Be4 Bd6 44.Kf3 Bc5 45.Rd2 a5 46.Rd5 h6 47.Rd8 Rf7 48.Bd5 Ke7+
49.Bxf7 Kxd8 50.Ke2 Ke7 51.Bc4 Kf6 52.f4 Bd6 53.Kf3 Bc5 54.Ke4 Bd6  1/2-1/2

[Event "Mittelfranken-ch"]
[Site "Germany"]
[Date "1995.??.??"]
[Round "1"]
[White "Hirn, Oskar"]
[Black "Schulte, Juergen"]
[Result "0-1"]
[WhiteElo "2195"]
[BlackElo "2025"]

1.d4 d5 2.Nf3 Nf6 3.c4 e6 4.e3 c6 5.Nc3 Nbd7 6.Qc2 Be7 7.g4 Nxg4 8.Rg1 Ngf6
9.Rxg7 Bf8 10.Rg1 Qc7 11.Bd2 b6 12.cxd5 cxd5 13.O-O-O Bb7 14.Kb1 Ne4 15.Rc1 a6
16.Qd1 Qd6 17.Nxe4 dxe4 18.Ng5 Nf6 19.Qa4+ b5 20.Qa5 Be7 21.Rc7 Bc6 22.Nxf7 Qxh2
23.Rg7 Kf8 24.Rxe7 Kxg7 25.Nxh8+ Kxh8 26.d5 Qg1 27.dxc6 Qxf1+ 28.Kc2 Qd3+
29.Kc1 Rg8 30.b3 Qd6 31.Bb4 Qxc6+ 32.Bc3 Rc8 33.Kb2 Qxc3+ 34.Qxc3 Rxc3 35.Rxe6 Nd5
36.Rxe4 Rd3 37.Re6 Rd2+ 38.Kc1 Rxa2 39.f4 Nc3 40.e4 Ne2+ 41.Kb1 Nc3+ 42.Kc1 Re2
43.f5 Rxe4 44.Rxa6 Rf4 45.f6 Kg8  0-1